ARRUPE JESUIT UNIVERSITY

CORONAVIRUS -STOP THE SPREAD - CLEAN,DISINFECT,COVER

Tradition history and the Old Testament, (Record no. 129453)

MARC details
000 -LEADER
fixed length control field 00845cam a2200253 4500
001 - CONTROL NUMBER
control field 1710011
003 - CONTROL NUMBER IDENTIFIER
control field ARRUPE
005 - DATE AND TIME OF LATEST TRANSACTION
control field 20190425114806.0
008 - FIXED-LENGTH DATA ELEMENTS--GENERAL INFORMATION
fixed length control field 720121t19711972pau b 000 0 eng
010 ## - LIBRARY OF CONGRESS CONTROL NUMBER
LC control number 70171509
020 ## - INTERNATIONAL STANDARD BOOK NUMBER
International Standard Book Number 0800614607
040 ## - CATALOGING SOURCE
Original cataloging agency DLC
Transcribing agency DLC
Modifying agency DLC
050 00 - LIBRARY OF CONGRESS CALL NUMBER
Classification number BS1171.2
Item number .R34
082 00 - DEWEY DECIMAL CLASSIFICATION NUMBER
Classification number 221.6/6
300 ## - PHYSICAL DESCRIPTION
Dimensions 22 cm.
100 1# - MAIN ENTRY--PERSONAL NAME
Personal name Rast, Walter E.,
Dates associated with a name 1930-
9 (RLIN) 45966
245 10 - TITLE STATEMENT
Title Tradition history and the Old Testament,
Statement of responsibility, etc by Walter E. Rast.
260 ## - PUBLICATION, DISTRIBUTION, ETC. (IMPRINT)
Place of publication, distribution, etc Philadelphia,
Name of publisher, distributor, etc Fortress Press
Date of publication, distribution, etc [1971, c1972]
300 ## - PHYSICAL DESCRIPTION
Extent xiii, 82 p.
350 ## - PRICE (NR) (BK AM CF MU VM SE) [OBSOLETE]
Price $2.50
490 0# - SERIES STATEMENT
Series statement Guides to Biblical scholarship. Old Testament series
504 ## - BIBLIOGRAPHY, ETC. NOTE
Bibliography, etc Bibliography: p. 80-82.
630 00 - SUBJECT ADDED ENTRY--UNIFORM TITLE
Uniform title Bible.
Name of part/section of a work Old Testament
General subdivision Criticism, interpretation, etc.
9 (RLIN) 45967
906 ## - LOCAL DATA ELEMENT F, LDF (RLIN)
a 7
b cbc
c orignew
d 2
e ncip
f 19
g y-gencatlg
942 ## - ADDED ENTRY ELEMENTS (KOHA)
Source of classification or shelving scheme Library of Congress Classification
Koha item type Monograph ( Printed materials)
Holdings
Withdrawn status Lost status Source of classification or shelving scheme Damaged status Not for loan Collection code Home library Current library Shelving location Date acquired Total Checkouts Full call number Barcode Date last seen Date checked out Price effective from Koha item type
    Library of Congress Classification     Main Collection ARRUPE LIBRARY ARRUPE LIBRARY Main Collection 25/04/2019 1 BS1171.2 .R34 46003067426 13/02/2020 01/02/2020 25/04/2019 Monograph ( Printed materials)

 

Arrupe Library. PO Box MP320 Mt Pleasant, Harare, Zimbabwe
263 242 745411|librarian@aju.ac.zw